02866nam a2200265 a 4500003000500000005001700005007001500022008004100037035001100078040000900089100003500098245025600133264005000389300004400439336002700483337002900510338003600539502002800575520179200603650001902395650004802414650002602462700005902488856005302547CHAP20250204085817.0cr ||||||a|c|a110216s2011 mx r 00010 spa d a112180 cCHAP1 aArteaga Conde, José Antonio.10aRadios comunitarios :bespacios de creación y resistencia frente al poder hegenónico. La experiencia de radio Ñomndaa, la palabra de agua en Suljaa, Guerreroc/por José Antonio Arteaga Conde; director de tesis Beatriz de la Tejera Hernández. 1aMorelia, Michoacan Méx. :bEl autor,c2011. a1 recurso en línea (150 páginas) . 2rdacontentatextobtxt 2rdamediaacomputadorabc 2rdacarrierarecursos en línea bMCDRRcDCRUd2011.gMAE aEl presente trabajo es una investigación sobre el papel que las radios comunitarias desempeñan en la sociedad contemporánea, las cuales contribuyen al debilitamiento del control y poder que ejercen los medios masivos de comunicación e información, al tiempo que ayudan a que sean las comunidades quienes construyan sus propias alternativas de vida. En primer lugar, se realizó una revisión bibliográfica del papel de la comunicación en nuestra sociedad, de la forma en que los medios de comunicación comunitarios pueden ayudar al desarrollo en comunidades rurales. También se analizó el concepto de radio comunitaria desde la teoría, para luego cotejarla con la forma en que las personas que participan en proyectos de comunicación comunitaria la entienden. Para el estudio de caso se analizó brevemente el contexto en el que se desarrolla la radio, se realizaron entrevistas a profundidad con integrantes de Radio Ñomndaa, y se recopilaron y analizaron algunas de las producciones sonoras hechas por esta radio durante 2009. De esta manera se pudo observar cómo a pesar de la represión que ha enfrentado esta radio comunitaria, y de diversas limitaciones que ha tenido en su quehacer radiofónico a lo largo de sus seis años de existencia, cuenta con un amplio respaldo de la comunidad a la que pertenece, y ha logrado generar un discurso radiofónico propio, que responde a las necesidades comunicativas de los habitantes de la región (en su mayoría indígenas amuzgos), a partir de su cultura e identidad. Han logrado de esta manera, convertirse en una herramienta fundamental de resistencia y construcción de alternativas frente a los procesos de hegemonía y homogeneización por parte de los grupos de poder regionales y nacionales.14aComunicación14aDesarrollo de la comunidad ruralzGuerrero.14aRadio en educación.1 aTejera Hernandez, Beatriz G. de laeDirector de tesis. uhttp://10.13.5.2/tesis/112180.pdfzDESCARGAR PDF